People and the earth : Basic issues in the sustainability of resources and environment
Gorde:
| Egile nagusia: | |
|---|---|
| Formatua: | Sách |
| Hizkuntza: | Undetermined |
| Argitaratua: |
Cambridge University Press
1998
|
| Gaiak: | |
| Etiketak: |
Etiketa erantsi
Etiketarik gabe, Izan zaitez lehena erregistro honi etiketa jartzen!
|
| Thư viện lưu trữ: | Trung tâm Thư viện - Trường Đại học Công nghiệp TP. Hồ Chí Minh |
|---|
| LEADER | 00556nam a2200157Ia 4500 | ||
|---|---|---|---|
| 001 | UIH_02648 | ||
| 008 | 231011s9999 xx 000 0 und d | ||
| 082 | |a 333.7 | ||
| 100 | |a Rogers, John J. W | ||
| 245 | 0 | |a People and the earth : Basic issues in the sustainability of resources and environment | |
| 245 | 0 | |c Rogers, John J. W | |
| 260 | |b Cambridge University Press | ||
| 260 | |c 1998 | ||
| 650 | |a Tài nguyên thiên nhiên; | ||
| 927 | |a Sách | ||
| 980 | |a Trung tâm Thư viện - Trường Đại học Công nghiệp TP. Hồ Chí Minh | ||